00428nam a2200157Ia 450000500170000000800410001702000150005808200210007310000120009424500610010626000390016730000160020665000160022265000180023865000140025620250206024516.0240331s9999 xx 000 0 und d a817044098X bPUR23557a305.4 aPuri, U 0aTowards a New Womanhood:bA Study of Black Women Writers aJaipurbPrintwell Publishersc1989 axv, 187 p., aBlack Women aAfro-American aWomanhood